000 00709nam a2200241Ia 4500
003 OSt
005 20220927105004.0
006 a|||||r|||| 00| 0
007 ta
008 220926b |||||||| |||| 00| 0 eng d
024 _a187699
037 _cReference Collections
040 _aRTL
_cRTL
_beng
041 _2eng
_aeng
082 _a"X71.2.N24<- N23, F4/GD"
110 _aINDIA(Govt of -)
_9369153
245 0 _aFinance and revenue accounts 1923-24.
260 _aCalcutta
_bGovt of India
_c1924
300 _a"xii, 608p."
_ccm.
700 _aINDIA(Govt of -)
_9369154
942 _h"X71.2.N24<- N23, F4/GD"
_cCC
999 _c690018
_d690018